| 000 | 00934nmm a2200289 a 4500 | ||
|---|---|---|---|
| 001 | ocm000891413 | ||
| 003 | TR-IsHL | ||
| 005 | 20201028144515.0 | ||
| 008 | 141121s2013 tu tur | ||
| 007 | cr cn | ||
| 020 | _a9786055394639 | ||
| 035 |
_a891413 _b(N$T) |
||
| 050 | 0 | 4 |
_aBJ1535.G6 _bM46 2013 |
| 090 | 0 | 4 |
_aBJ1535.G6 _bM46 2013 |
| 100 | 1 | _aMenekşe, Ömer | |
| 245 | 1 | 0 |
_aEyvah gıybet ettik _h[electronic resource] / _cÖmer Menekşe |
| 260 |
_aİstanbul : _bYediveren Yayınları, _c2013 |
||
| 300 | _a137 p. | ||
| 650 | 4 | _aFelsefe, Psikoloji ve Din | |
| 650 | 4 | _aPhilosophy, Psychology and Religion | |
| 650 | 0 |
_aGossip _x Religious aspects _x Islam |
|
| 650 | 0 | _aIslamic ethics | |
| 650 | 0 |
_aGıybet _x Dini açıdan _x İslam |
|
| 650 | 0 | _aİslam ahlakı | |
| 650 | 7 |
_aRELIGION / Ethics _2bisacsh |
|
| 856 | 4 | 0 | _uhttp://search.ebscohost.com/login.aspx?direct=true&scope=site&db=e011xww&AN=891413 |
| 999 |
_c9461 _d9461 |
||